| 000 | 00642nam a22001817a 4500 | ||
|---|---|---|---|
| 005 | 20251108165218.0 | ||
| 008 | 250721s1985 xx 000 0 ara d | ||
| 082 | 1 | 4 | _a818.04/ماج |
| 100 | 1 | _aالخليفي، ماجد بن عبد العزيز بن محمد | |
| 245 | 1 | 0 | _aالحلة السندسية في الأمثال العربية / |
| 246 | 1 | 3 | _aذرور المسك التذييل في اشتقاق التبديل |
| 264 | 1 |
_aالدوحة : _bيوسف بن عبدالرحمن الخليفي، _c1985. |
|
| 300 | _a114ص | ||
| 650 | 1 | 7 | _aالأدب العربي |
| 650 | 1 | 7 | _aالأمثال |
| 942 |
_2ddc _cBK |
||
| 999 |
_c22240 _d22240 |
||